| 000 | 00415nam a22001577a 4500 | ||
|---|---|---|---|
| 003 | OSt | ||
| 005 | 20160527103403.0 | ||
| 008 | 160527b xxu||||| |||| 00| 0 eng d | ||
| 020 | _a0-312-18016-0 | ||
| 040 | _cN/A | ||
| 050 |
_aPE1417 _b.M353 2000 |
||
| 100 | _aMcQuade Donald | ||
| 245 |
_aSeeing & Writing _cMcQuade Donald, McQuade Christine |
||
| 260 |
_aNew York _bBedford/St.Martin's _c2000 |
||
| 942 |
_2lcc _cBK |
||
| 999 |
_c254123 _d254122 |
||